[Event "Orsha IM 12"]
[Site "Orsha"]
[Date "2022.12.20"]
[Round "5"]
[White "Alekseev, Vadim"]
[Black "Dimitrova, Aleksandra"]
[Result "1/2-1/2"]
[WhiteElo "2327"]
[BlackElo "2155"]
[PlyCount "35"]
[EventDate "2022.12.17"]
[EventType "tourn"]
[EventRounds "9"]
[EventCountry "BLR"]
[SourceTitle "CBM 212 Extra"]
[Source "ChessBase"]
[SourceDate "2023.03.31"]
[SourceVersion "1"]
[SourceVersionDate "2023.03.31"]
[SourceQuality "1"]

1. Nf3 Nf6 2. d4 e6 3. c4 b6 4. e3 Bb7 5. Bd3 d5 6. cxd5 exd5 7. Nc3 a6 8. 0-0 Bd6 9. b3 0-0 10. Bb2 Nbd7 11. Rc1 Ne4 12. Ne2 Qe7 13. Ng3 f5 14. Qc2 Rf7 15. Rfe1 g5 16. Nd2 Re8 17. Ngf1 g4 18. Re2 1/2-1/2

[Event "Orsha IM"]
[Site "Orsha"]
[Date "2020.01.22"]
[Round "7"]
[White "Runets, Ivan"]
[Black "Alekseev, Vadim"]
[Result "1/2-1/2"]
[WhiteElo "2304"]
[BlackElo "2354"]
[PlyCount "84"]
[EventDate "2020.01.18"]
[EventType "tourn"]
[EventRounds "9"]
[EventCountry "BLR"]
[EventCategory "2"]
[SourceTitle "CBM 194 Extra"]
[Source "ChessBase"]
[SourceDate "2020.03.31"]
[SourceVersion "1"]
[SourceVersionDate "2020.03.31"]
[SourceQuality "1"]

1. d4 c5 2. d5 e5 3. e4 d6 4. Nc3 Be7 5. Nf3 a6 6. a4 Bg4 7. Bd3 Nd7 8. h3 Bxf3 9. Qxf3 Bg5 10. 0-0 Bxc1 11. Raxc1 Nh6 12. Rb1 0-0 13. Nd1 Rb8 14. Ne3 b5 15. axb5 axb5 16. b3 g6 17. Ra1 c4 18. bxc4 b4 19. Qg3 Nc5 20. Rad1 f6 21. Kh2 Kh8 22. f4 Nf7 23. Qh4 exf4 24. Qxf4 Ne5 25. Be2 Qe7 26. Bf3 Qg7 27. Rb1 Rb7 28. g4 Nxf3+ 29. Rxf3 Qe7 30. Ng2 g5 31. Qf5 Qxe4 32. Qxe4 Nxe4 33. Rd1 Re8 34. Ne3 b3 35. cxb3 Rxb3 36. Kg2 Rb2+ 37. Kg1 Rb3 38. Kg2 Rb2+ 39. Kg1 Rb3 40. Kg2 Rb2+ 41. Kg1 Ra8 42. Rd4 Ra5 1/2-1/2

[Event "Orsha IM"]
[Site "Orsha"]
[Date "2020.01.19"]
[Round "2"]
[White "Alekseev, Vadim"]
[Black "Kononenko, Dmitry1"]
[Result "1/2-1/2"]
[WhiteElo "2354"]
[BlackElo "2321"]
[PlyCount "53"]
[EventDate "2020.01.18"]
[EventType "tourn"]
[EventRounds "9"]
[EventCountry "BLR"]
[EventCategory "2"]
[SourceTitle "CBM 194 Extra"]
[Source "ChessBase"]
[SourceDate "2020.03.31"]
[SourceVersion "1"]
[SourceVersionDate "2020.03.31"]
[SourceQuality "1"]

1. d4 Nf6 2. c4 g6 3. Nf3 Bg7 4. g3 0-0 5. Bg2 d5 6. cxd5 Nxd5 7. 0-0 Nc6 8. Nc3 Nb6 9. e3 Re8 10. Re1 e5 11. d5 Na5 12. e4 c6 13. b3 cxd5 14. exd5 Bg4 15. Ba3 f5 16. Bb4 e4 17. Bxa5 Qd6 18. h3 Bxf3 19. Bxf3 exf3 20. Re6 Rxe6 21. dxe6 Qc6 22. Rc1 Rc8 23. Bxb6 axb6 24. e7 Bxc3 25. Qd8+ Kg7 26. Rxc3 Qxc3 27. e8Q 1/2-1/2

[Event "Orsha IM"]
[Site "Orsha"]
[Date "2019.01.23"]
[Round "8"]
[White "Alekseev, Vadim"]
[Black "Tsaruk, Maksim"]
[Result "1/2-1/2"]
[WhiteElo "2364"]
[BlackElo "2244"]
[PlyCount "93"]
[EventDate "2019.01.18"]
[EventType "tourn"]
[EventRounds "9"]
[EventCountry "BLR"]
[EventCategory "2"]
[SourceTitle "CBM 188 Extra"]
[Source "ChessBase"]
[SourceDate "2019.02.28"]
[SourceVersion "1"]
[SourceVersionDate "2019.02.28"]
[SourceQuality "1"]

1. d4 Nf6 2. Nf3 b6 3. c4 e6 4. e3 Bb7 5. Bd3 d5 6. cxd5 exd5 7. Nc3 Bd6 8. 0-0 0-0 9. b3 Nbd7 10. Bb2 a6 11. Rc1 Ne4 12. Ne2 Qe7 13. Ng3 f5 14. Qc2 Rf7 15. Rfe1 g6 16. Re2 Raf8 17. Nd2 Rg7 18. Ngf1 g5 19. f3 g4 20. fxe4 fxe4 21. Bxe4 dxe4 22. Nc4 Bxh2+ 23. Nxh2 g3 24. Nf1 Qh4 25. Nxg3 Qxg3 26. Ne5 Nf6 27. Rf1 Rg5 28. Rxf6 Rxf6 29. Qc4+ Kg7 30. Qxc7+ Kh6 31. d5 Bxd5 32. Qe7 Rff5 33. Qd6+ Rg6 34. Qxd5 Rgf6 35. Qd1 Rxe5 36. Bxe5 Qxe5 37. Rd2 Qg3 38. Qe2 Rf3 39. Rd5 Kg7 40. Qd2 Rf6 41. Qc3 Qf2+ 42. Kh2 Qh4+ 43. Kg1 Qf2+ 44. Kh2 Kg6 45. Qe5 Qh4+ 46. Kg1 Qe1+ 47. Kh2 1/2-1/2

[Event "Orsha IM"]
[Site "Orsha"]
[Date "2019.01.21"]
[Round "6"]
[White "Gogolev, Artem"]
[Black "Alekseev, Vadim"]
[Result "1-0"]
[WhiteElo "2397"]
[BlackElo "2364"]
[PlyCount "103"]
[EventDate "2019.01.18"]
[EventType "tourn"]
[EventRounds "9"]
[EventCountry "BLR"]
[EventCategory "2"]
[SourceTitle "CBM 188 Extra"]
[Source "ChessBase"]
[SourceDate "2019.02.28"]
[SourceVersion "1"]
[SourceVersionDate "2019.02.28"]
[SourceQuality "1"]

1. Nf3 d6 2. d4 Bg4 3. g3 Bxf3 4. exf3 e6 5. c4 c6 6. Nc3 d5 7. Bd3 dxc4 8. Bxc4 Nf6 9. h4 Nbd7 10. Bb3 Nb6 11. h5 Qd7 12. h6 0-0-0 13. hxg7 Bxg7 14. Bh6 Rhg8 15. Bxg7 Rxg7 16. Rh4 Qc7 17. Qe2 Nbd5 18. Qe5 Qxe5+ 19. dxe5 Nd7 20. f4 Nxc3 21. bxc3 Nf8 22. Ke2 Kd7 23. Bc2 Ke7 24. Be4 Ng6 25. Rh6 f5 26. exf6+ Kxf6 27. Rah1 Rdd7 28. Ke3 Rdf7 29. Rb1 b6 30. a4 Ke7 31. Bxc6 e5 32. f5 Rxf5 33. a5 bxa5 34. Rb7+ Kf8 35. Rxh7 Rxh7 36. Rxh7 Ne7 37. Be4 Rf6 38. Rh8+ Kf7 39. Ra8 Ra6 40. Bd3 Rc6 41. Rxa7 Rxc3 42. Rxa5 Nc6 43. Ra4 Rc5 44. Ke4 Ne7 45. f3 Kf6 46. Ra6+ Rc6 47. Ra5 Rb6 48. Ke3 Rb3 49. Ra6+ Kg5 50. Ke4 Ng6 51. Re6 Ra3 52. Ke3 1-0

[Event "Orsha op"]
[Site "Orsha"]
[Date "2015.01.24"]
[Round "8"]
[White "Alekseev, Vadim"]
[Black "Marutkins, Olegs"]
[Result "1-0"]
[WhiteElo "2366"]
[BlackElo "2127"]
[PlyCount "73"]
[EventDate "2015.01.19"]
[EventType "swiss"]
[EventRounds "9"]
[EventCountry "BLR"]
[SourceTitle "CBM 164 Extra"]
[Source "ChessBase"]
[SourceDate "2015.03.02"]
[SourceVersion "1"]
[SourceVersionDate "2015.03.02"]
[SourceQuality "1"]

1. d4 Nf6 2. Nf3 g6 3. c4 Bg7 4. Nc3 0-0 5. Bg5 c5 6. d5 b5 7. cxb5 a6 8. e4 d6 9. bxa6 Qb6 10. Rb1 Nbd7 11. Be2 Bxa6 12. 0-0 Rfb8 13. h3 Rb7 14. Re1 Bxe2 15. Qxe2 Qb4 16. Qc2 Kf8 17. e5 Nxe5 18. Nxe5 dxe5 19. Rxe5 Ne8 20. Re4 c4 21. Rbe1 Nf6 22. R4e2 h6 23. Bh4 Rd8 24. Rd1 Nh5 25. d6 Rxd6 26. Nd5 Rxd5 27. Rxd5 Bxb2 28. Bxe7+ Rxe7 29. Rd8+ Kg7 30. Qxb2+ Qxb2 31. Rxb2 Rc7 32. Rc2 Kf6 33. Rd4 c3 34. g3 Ke5 35. Rd3 Nf6 36. Rdxc3 Ra7 37. Rc7 1-0

[Event "Orsha op"]
[Site "Orsha"]
[Date "2015.01.19"]
[Round "1"]
[White "Zarubitski, Viachaslau"]
[Black "Alekseev, Vadim"]
[Result "1/2-1/2"]
[WhiteElo "2169"]
[BlackElo "2366"]
[PlyCount "59"]
[EventDate "2015.01.19"]
[EventType "swiss"]
[EventRounds "9"]
[EventCountry "BLR"]
[SourceTitle "CBM 164 Extra"]
[Source "ChessBase"]
[SourceDate "2015.03.02"]
[SourceVersion "1"]
[SourceVersionDate "2015.03.02"]
[SourceQuality "1"]

1. e4 e6 2. d4 d5 3. Nc3 Bb4 4. exd5 exd5 5. Bd3 c6 6. Nge2 Nf6 7. 0-0 0-0 8. Ng3 Re8 9. f3 Nbd7 10. Nce2 Nf8 11. c3 Bd6 12. Nf5 Bxf5 13. Bxf5 Qc7 14. g3 Ne6 15. Qd3 Re7 16. Bd2 Rae8 17. Rae1 h6 18. Kg2 c5 19. Ng1 cxd4 20. cxd4 Qc4 21. Bc3 Qxa2 22. Ra1 Qb3 23. Rxa7 b5 24. Ra6 Rd7 25. Rb6 Rb8 26. Rxb8+ Bxb8 27. Qb1 b4 28. Bc2 Qc4 29. Bd3 Qb3 30. Bc2 1/2-1/2

[Event "BLR-ch 69th"]
[Site "Minsk"]
[Date "2003.03.08"]
[Round "9"]
[White "Zhigalko, Sergei"]
[Black "Alekseev, Vadim"]
[Result "1-0"]
[WhiteElo "2293"]
[BlackElo "2409"]
[PlyCount "89"]
[EventDate "2003.02.28"]
[EventType "tourn"]
[EventRounds "13"]
[EventCountry "BLR"]
[EventCategory "8"]
[SourceTitle "CBM 093 Extra"]
[Source "ChessBase"]
[SourceDate "2003.05.09"]
[SourceVersion "1"]
[SourceVersionDate "2003.05.09"]
[SourceQuality "1"]

1. e4 d5 2. exd5 Qxd5 3. Nc3 Qd6 4. d4 Nf6 5. Nf3 a6 6. Bd3 Bg4 7. h3 Bh5 8. Ne4 Nxe4 9. Bxe4 Bg6 10. Qe2 Nc6 11. 0-0 0-0-0 12. c3 Bxe4 13. Qxe4 e6 14. Re1 Be7 15. Ng5 Bxg5 16. Bxg5 Rd7 17. Bh4 Qd5 18. Qg4 Rg8 19. Bg3 h5 20. Qh4 Rh8 21. Qf4 Rh6 22. h4 Rf6 23. Qe3 Ne7 24. Qd3 Qf5 25. Qd1 Qg4 26. Qxg4 hxg4 27. Re4 Rg6 28. Bf4 Rd5 29. Rae1 Rh5 30. Bg5 Kd7 31. g3 c6 32. c4 Nf5 33. b3 Rh8 34. Kg2 b5 35. d5 cxd5 36. cxd5 exd5 37. Re5 Re6 38. Rxd5+ Nd6 39. Red1 Kc6 40. Bf4 Ne4 41. Rd7 g5 42. hxg5 Rg6 43. b4 Nxg5 44. R1d6+ Rxd6 45. Rxd6+ 1-0

[Event "BL2-West 0304"]
[Site "Germany"]
[Date "2003.??.??"]
[Round "?.3"]
[White "Alekseev, Vadim"]
[Black "Dambacher, Martijn"]
[Result "1-0"]
[WhiteElo "2380"]
[BlackElo "2403"]
[PlyCount "85"]
[EventDate "2003.12.14"]
[EventType "team-tourn"]
[EventRounds "9"]
[EventCountry "GER"]
[SourceTitle "CBM 100 Extra"]
[Source "ChessBase"]
[SourceDate "2004.07.06"]
[SourceVersion "2"]
[SourceVersionDate "2004.07.06"]
[SourceQuality "1"]
[WhiteTeam "Godesberg"]
[BlackTeam "Bergheim"]
[WhiteTeamCountry "GER"]
[BlackTeamCountry "GER"]

1. d4 d5 2. c4 e6 3. Nc3 Nf6 4. cxd5 exd5 5. Bg5 Be7 6. e3 0-0 7. Bd3 Nbd7 8. Nf3 Re8 9. Qc2 Nf8 10. h3 c6 11. 0-0 g6 12. Rfc1 Ne6 13. Bxf6 Bxf6 14. b4 b6 15. Rab1 Bb7 16. Qb3 Qd6 17. a4 Rab8 18. Qa2 Bg7 19. a5 f5 20. g3 Kh8 21. Na4 Ba8 22. axb6 axb6 23. Qc2 Bf6 24. h4 f4 25. gxf4 Nxf4 26. Ne5 Bxe5 27. dxe5 Qxe5 28. exf4 Qxf4 29. Bf1 Qxh4 30. Qc3+ Kg8 31. Re1 Rxe1 32. Rxe1 Rf8 33. Qe3 Qxb4 34. Nxb6 Qd6 35. Bh3 d4 36. Qb3+ Kh8 37. Nd7 Rf4 38. Re8+ Kg7 39. Rxa8 d3 40. Qc3+ Kh6 41. Qe5 Qb4 42. Nf6 g5 43. Rg8 1-0

[Event "Guben op"]
[Site "Guben"]
[Date "2003.??.??"]
[Round "4"]
[White "Alekseev, Vadim"]
[Black "Kasparov, Sergey"]
[Result "1/2-1/2"]
[WhiteElo "2378"]
[BlackElo "2468"]
[PlyCount "32"]
[EventDate "2003.??.??"]
[EventType "swiss"]
[EventRounds "7"]
[EventCountry "GER"]
[SourceTitle "EXT 2008"]
[Source "ChessBase"]
[SourceDate "2007.11.25"]
[SourceVersion "1"]
[SourceVersionDate "2007.11.25"]
[SourceQuality "1"]

1. d4 Nf6 2. Nf3 c5 3. e3 cxd4 4. exd4 d5 5. Bd3 Nc6 6. c3 Bg4 7. 0-0 Qc7 8. Re1 e6 9. Bg5 Bd6 10. h3 Bh5 11. Nbd2 Bg6 12. Bxg6 hxg6 13. c4 0-0 14. Bxf6 gxf6 15. cxd5 exd5 16. Nb3 Nb4 1/2-1/2

[Event "Muensterland op 20th"]
[Site "Senden"]
[Date "2002.10.18"]
[Round "9"]
[White "Alekseev, Vadim"]
[Black "Kritz, Leonid"]
[Result "0-1"]
[WhiteElo "2405"]
[BlackElo "2476"]
[PlyCount "58"]
[EventDate "2002.10.12"]
[EventType "swiss"]
[EventRounds "9"]
[EventCountry "GER"]
[SourceTitle "CBM 090 Extra"]
[Source "ChessBase"]
[SourceDate "2002.11.07"]
[SourceVersion "1"]
[SourceVersionDate "2002.11.07"]
[SourceQuality "1"]

1. d4 Nf6 2. c4 e6 3. Nf3 d5 4. Nc3 Bb4 5. Bg5 h6 6. Bxf6 Qxf6 7. cxd5 exd5 8. Rc1 0-0 9. e3 c6 10. Be2 Bf5 11. a3 Bd6 12. 0-0 Nd7 13. Re1 Rfe8 14. Nd2 Re6 15. Bf3 Rae8 16. Nb3 Nf8 17. Ne2 R6e7 18. Nc5 Nh7 19. Ng3 Bc8 20. b4 Ng5 21. Be2 g6 22. Bd3 h5 23. Nf1 h4 24. Qd2 h3 25. f4 hxg2 26. Kxg2 Bh3+ 27. Kf2 Bxf4 28. exf4 Qxd4+ 29. Kg3 Qg1+ 0-1

[Event "Muensterland op 20th"]
[Site "Senden"]
[Date "2002.10.17"]
[Round "8"]
[White "Postler, Reinhard"]
[Black "Alekseev, Vadim"]
[Result "0-1"]
[WhiteElo "2283"]
[BlackElo "2405"]
[PlyCount "74"]
[EventDate "2002.10.12"]
[EventType "swiss"]
[EventRounds "9"]
[EventCountry "GER"]
[SourceTitle "CBM 090 Extra"]
[Source "ChessBase"]
[SourceDate "2002.11.07"]
[SourceVersion "1"]
[SourceVersionDate "2002.11.07"]
[SourceQuality "1"]

1. e4 c5 2. Nf3 e6 3. d4 cxd4 4. Nxd4 Nc6 5. Nc3 a6 6. g3 Nge7 7. Bg2 Nxd4 8. Qxd4 Nc6 9. Qd1 Be7 10. 0-0 0-0 11. a4 Qc7 12. f4 d6 13. g4 Bd7 14. Kh1 Rab8 15. Qe2 Na5 16. Qe1 Rfc8 17. g5 Qd8 18. Rf3 Nc6 19. h4 b5 20. axb5 axb5 21. Be3 b4 22. Nd1 Na5 23. Rf2 Nc4 24. Bc1 b3 25. cxb3 Rxb3 26. Ne3 Qb6 27. Nxc4 Rxc4 28. Rf3 Bc6 29. Rxb3 Qxb3 30. Ra3 Qb7 31. Rc3 Ra4 32. b3 Ra1 33. Kh2 Rb1 34. Qd1 Bxe4 35. Bxe4 Qxe4 36. Rc8+ Bf8 37. Qxd6 Qe2+ 0-1

[Event "Muensterland op 20th"]
[Site "Senden"]
[Date "2002.10.16"]
[Round "7"]
[White "Sandipan, Chanda"]
[Black "Alekseev, Vadim"]
[Result "1-0"]
[WhiteElo "2510"]
[BlackElo "2405"]
[PlyCount "101"]
[EventDate "2002.10.12"]
[EventType "swiss"]
[EventRounds "9"]
[EventCountry "GER"]
[SourceTitle "CBM 090 Extra"]
[Source "ChessBase"]
[SourceDate "2002.11.07"]
[SourceVersion "1"]
[SourceVersionDate "2002.11.07"]
[SourceQuality "1"]

1. e4 e6 2. d4 d5 3. e5 Bd7 4. Nf3 c5 5. c3 Nc6 6. Be2 f6 7. 0-0 fxe5 8. Nxe5 Nxe5 9. dxe5 Qc7 10. c4 Ne7 11. Nc3 d4 12. Ne4 Qxe5 13. Bf3 Nc6 14. Re1 Be7 15. Bg4 Qc7 16. Qf3 0-0-0 17. Qh3 e5 18. a3 h5 19. Bxd7+ Qxd7 20. Qd3 Rhf8 21. Bd2 a5 22. b4 axb4 23. axb4 cxb4 24. c5 Kc7 25. Qb5 Ra8 26. Qb6+ Kb8 27. Rxa8+ Kxa8 28. Bxb4 Kb8 29. Ra1 Qd5 30. Nd6 Bxd6 31. cxd6 Rf7 32. Bc5 Qc4 33. h3 Qc2 34. Rb1 Kc8 35. f4 d3 36. fxe5 d2 37. e6 d1Q+ 38. Rxd1 Qxd1+ 39. Kh2 Qd5 40. exf7 Qxf7 41. Be3 Qd7 42. Bc5 Qf7 43. Kg1 Nd8 44. Qa5 Kd7 45. Qc7+ Ke8 46. Bb6 Qd7 47. Qb8 g6 48. Kh2 h4 49. Kg1 g5 50. Kh2 g4 51. hxg4 1-0

[Event "Muensterland op 20th"]
[Site "Senden"]
[Date "2002.10.15"]
[Round "6"]
[White "Alekseev, Vadim"]
[Black "Fridman, Daniel"]
[Result "1-0"]
[WhiteElo "2405"]
[BlackElo "2572"]
[PlyCount "73"]
[EventDate "2002.10.12"]
[EventType "swiss"]
[EventRounds "9"]
[EventCountry "GER"]
[SourceTitle "CBM 090 Extra"]
[Source "ChessBase"]
[SourceDate "2002.11.07"]
[SourceVersion "1"]
[SourceVersionDate "2002.11.07"]
[SourceQuality "1"]

1. d4 d6 2. Nf3 Bg4 3. e4 Nf6 4. h3 Bh5 5. Bd3 e5 6. d5 Bg6 7. Qe2 Nbd7 8. c4 Nc5 9. Nc3 Nxd3+ 10. Qxd3 Be7 11. Bd2 c6 12. 0-0 cxd5 13. cxd5 0-0 14. Be3 Nxe4 15. Nxe4 f5 16. Qb3 fxe4 17. Nxe5 Bh5 18. Nc4 Qd7 19. Rfe1 Bh4 20. Rac1 Rae8 21. Rc2 Rf5 22. Rd2 b5 23. Na3 a6 24. Nc2 Bf7 25. Red1 Ree5 26. Nd4 Bxd5 27. Qa3 Rf8 28. Qxa6 Bc4 29. Nc6 Re6 30. Nb4 Be7 31. Qa7 Qc8 32. b3 Rg6 33. Qxe7 Qxh3 34. Qxe4 Rg4 35. bxc4 Qh4 36. Qd5+ Kh8 37. Rd4 1-0

[Event "Recklinghausen op 13th"]
[Site "Recklinghausen"]
[Date "2002.08.24"]
[Round "8"]
[White "Alekseev, Vadim"]
[Black "Eggenstein, Frank"]
[Result "1-0"]
[WhiteElo "2407"]
[BlackElo "2189"]
[PlyCount "55"]
[EventDate "2002.08.19"]
[EventType "swiss"]
[EventRounds "9"]
[EventCountry "GER"]
[SourceTitle "CBM 089 Extra"]
[Source "ChessBase"]
[SourceDate "2002.09.10"]
[SourceVersion "2"]
[SourceVersionDate "2002.09.10"]
[SourceQuality "1"]

1. d4 f5 2. Nc3 g6 3. e4 fxe4 4. Nxe4 Nf6 5. Ng3 d6 6. h4 Bg4 7. f3 Be6 8. Nh3 c6 9. h5 gxh5 10. Ng5 Bg8 11. Nxh5 Nbd7 12. Bd3 Qb6 13. Bg6+ hxg6 14. Nxf6+ Nxf6 15. Rxh8 0-0-0 16. Qd3 e5 17. Qxg6 Be7 18. Qf5+ Kb8 19. Ne6 Bxe6 20. Rxd8+ Bxd8 21. Qxe6 Qxd4 22. Ke2 Bb6 23. c3 Qf2+ 24. Kd3 e4+ 25. fxe4 Qf1+ 26. Kc2 a6 27. Qxd6+ Bc7 28. Qf8+ 1-0

[Event "Kiel op 15th"]
[Site "Kiel"]
[Date "2002.08.11"]
[Round "2"]
[White "Wolke, Reimund"]
[Black "Alekseev, Vadim"]
[Result "0-1"]
[WhiteElo "2002"]
[BlackElo "2407"]
[PlyCount "80"]
[EventDate "2002.08.10"]
[EventType "swiss"]
[EventRounds "9"]
[EventCountry "GER"]
[SourceTitle "EXT 2003"]
[Source "ChessBase"]
[SourceDate "2002.11.25"]
[SourceVersion "1"]
[SourceVersionDate "2002.11.25"]
[SourceQuality "1"]

1. e4 e6 2. d4 d5 3. Nd2 Be7 4. Bd3 c5 5. c3 cxd4 6. cxd4 dxe4 7. Nxe4 Nc6 8. Nf3 Nf6 9. 0-0 0-0 10. Be3 Nb4 11. Nxf6+ Bxf6 12. Be4 Qd6 13. Ng5 g6 14. Qf3 Nd5 15. Bxd5 exd5 16. Rac1 Bg7 17. Rc5 h6 18. Rxd5 Qa6 19. Ne4 Qxa2 20. Nf6+ Kh8 21. Nd7 Bxd7 22. Rxd7 Kg8 23. Rc1 Rac8 24. Rxc8 Rxc8 25. h3 b6 26. Qb7 Rf8 27. Bf4 Qxb2 28. Be3 a5 29. d5 a4 30. Qxb6 a3 31. Ra7 Rb8 32. Qc7 Qa1+ 33. Bc1 Rb1 34. Qd8+ Kh7 35. Ra8 Rxc1+ 36. Kh2 Be5+ 37. g3 Rh1+ 38. Kg2 Rg1+ 39. Kf3 Qc3+ 40. Kg4 Rxg3+ 0-1

[Event "BLR-ch"]
[Site "Minsk"]
[Date "2002.02.28"]
[Round "11"]
[White "Dydyshko, Viacheslav"]
[Black "Alekseev, Vadim"]
[Result "1-0"]
[WhiteElo "2526"]
[BlackElo "2389"]
[PlyCount "115"]
[EventDate "2002.02.??"]
[EventType "tourn"]
[EventRounds "11"]
[EventCountry "BLR"]
[SourceTitle "EXT 2004"]
[Source "ChessBase"]
[SourceDate "2003.11.25"]
[SourceVersion "1"]
[SourceVersionDate "2003.11.25"]
[SourceQuality "1"]

1. d4 e6 2. c4 f5 3. g3 Nf6 4. Bg2 c6 5. Nf3 d5 6. 0-0 Bd6 7. Qc2 0-0 8. Nc3 Qe8 9. Rb1 a5 10. c5 Bc7 11. Bf4 Bxf4 12. gxf4 Qh5 13. e3 h6 14. Ne5 Nbd7 15. Qe2 Qe8 16. Nd3 b6 17. cxb6 Nxb6 18. Nc5 Nfd7 19. Nxd7 Qxd7 20. Rfc1 Ba6 21. Qd1 Rfc8 22. Na4 Nxa4 23. Qxa4 Bd3 24. Ra1 Bb5 25. Qd1 a4 26. Rc3 Kh7 27. Kh1 Rg8 28. Rac1 g5 29. Bf1 Ra7 30. Bxb5 cxb5 31. Qf3 gxf4 32. Qxf4 Rg7 33. Rc8 Rb7 34. Qh4 Rg6 35. Qd8 Qg7 36. Qf8 Qxf8 37. Rxf8 Rbg7 38. h3 Rb7 39. Rcc8 Rgg7 40. Rh8+ Kg6 41. Kg2 Kh5+ 42. Kf3 Rg6 43. Rc6 f4 44. e4 dxe4+ 45. Kxe4 Kh4 46. Re8 Kxh3 47. Rexe6 Rxe6+ 48. Rxe6 h5 49. Kxf4 h4 50. Rg6 Rf7+ 51. Ke3 Re7+ 52. Kd3 Rf7 53. d5 Rxf2 54. d6 Rf1 55. Kd4 Kh2 56. Kc5 Rd1 57. Kc6 h3 58. d7 1-0

[Event "BLR-ch"]
[Site "Minsk"]
[Date "2002.02.25"]
[Round "10"]
[White "Alekseev, Vadim"]
[Black "Azarov, Sergei Nikolaevich"]
[Result "1/2-1/2"]
[WhiteElo "2389"]
[BlackElo "2505"]
[PlyCount "39"]
[EventDate "2002.02.??"]
[EventType "tourn"]
[EventRounds "11"]
[EventCountry "BLR"]
[SourceTitle "EXT 2004"]
[Source "ChessBase"]
[SourceDate "2003.11.25"]
[SourceVersion "1"]
[SourceVersionDate "2003.11.25"]
[SourceQuality "1"]

1. d4 d5 2. c4 e6 3. Nc3 Nf6 4. Bg5 Be7 5. e3 0-0 6. Nf3 h6 7. Bxf6 Bxf6 8. Qb3 dxc4 9. Bxc4 Nc6 10. Be2 b6 11. 0-0 Bb7 12. Rfd1 g6 13. Rac1 Bg7 14. a3 Qe7 15. Qa4 Nb8 16. e4 a6 17. e5 Nd7 18. b4 Rfd8 19. Qb3 Rab8 20. a4 1/2-1/2